000 00446nam a22001697a 4500
003 NUST - PNEC
005 20170116180852.0
008 150826b xxu||||| |||| 00| 0 eng d
020 _a-
040 _cLIBRARY
082 _a387 BEH
100 _95757
_aBehrens, C. B. A
245 _aMerchant shipping and the demands of war
_cC. B. A. Behrens
260 _cc.1955
650 _95760
_aMerchant marine -- Great Britain
_xWar
942 _2ddc
_cBK
999 _c64660
_d64660